000
00265nam a22001097a 4500
008
170120b xxu||||| |||| 00| 0 eng d
020
_a
9780781785815
041
_a
eng
080
_2
7TH
_a
618.2
245
_a
ESSETIALS OF NURSING RESEARCH
_c
POLIT, D.F
942
_2
udc
_c
BK
999
_c
3302
_d
3302